01627nam a22003977a 4500003000500000005001700005008004100022010000900063011000900072035000900081040000900090090001000099100003800109245018600147260004200333300003000375502006900405590003700474590004100511590004100552590004100593590004100634590004200675650001900717650003300736650003500769650002600804650002300830901000700853942000900860949004400869949004900913999001500962952012500977952012701102CHAP20220329133621.0971013s1992 r 00010 d a8608 a9580 a8815 cCHAP aTesis00aTorres Aquino, Margarita.9114042 aRespuesta de portainjertos de cítricos a la inoculación con hongos V-A; efecto de la aplicación de benomil y fósforo sobre la simbiosis naranjo agrio-hongo endomicorrízico aMontecillo, Méx. :bEl autor,c1992 a98 h.b; gráfs. ; anexo aTesis (M.C. Esp. en Edafología) -- C.P. Centro de Edafología aALEPHb10c20130110lUCH01h1224 aBATCH-UPDb10c20130110lUCH01h0056 aBATCH-UPDb10c20130110lUCH01h1538 aBATCH-UPDb10c20130409lUCH01h2045 aBATCH-UPDb10c20130914lUCH01h1545 aCONVERSIONb10c20130109lUCH01h130614aGlomus.94831014aNaranjaxCrecimiento.98014814aPlantasxInoculación.98884314aPortainjertos.99096814aSimbiosis.9106148 aBK cFOLL bBCcTESd-19164eTS1h25915i8815mDsi bBCcTESd-19166eTS2fc.2h25916i8815mDsi c8608d8608 00102local4053708TESISaBCbBCcPA_TESISd2019-12-31fTESISl0p-19166r2019-12-31 00:00:00tc.2w2019-12-31yTESIS 00102local4051708TESISaBCbBCcPA_TESISd2019-12-31fTESISl0oTesisp-19164r2019-12-31 00:00:00w2019-12-31yTESIS